<?xml version="1.0" encoding="UTF-8"?>
<record
    xmlns:xsi="http://www.w3.org/2001/XMLSchema-instance"
    xsi:schemaLocation="http://www.loc.gov/MARC21/slim http://www.loc.gov/standards/marcxml/schema/MARC21slim.xsd"
    xmlns="http://www.loc.gov/MARC21/slim">

  <leader>01389nam a22002297a 4500</leader>
  <controlfield tag="005">20220411091750.0</controlfield>
  <controlfield tag="008">220409b           ||||| |||| 00| 0 eng d</controlfield>
  <datafield tag="020" ind1=" " ind2=" ">
    <subfield code="a">0861319141</subfield>
  </datafield>
  <datafield tag="040" ind1=" " ind2=" ">
    <subfield code="c">AL</subfield>
  </datafield>
  <datafield tag="041" ind1=" " ind2=" ">
    <subfield code="a">English</subfield>
  </datafield>
  <datafield tag="082" ind1=" " ind2=" ">
    <subfield code="2">23</subfield>
    <subfield code="a">954.035092</subfield>
    <subfield code="b">AZAI</subfield>
  </datafield>
  <datafield tag="100" ind1=" " ind2=" ">
    <subfield code="a">Maulana Abul Kalam Azad</subfield>
    <subfield code="9">29051</subfield>
  </datafield>
  <datafield tag="245" ind1=" " ind2=" ">
    <subfield code="a">India Wins Freedom: The Complete Version</subfield>
  </datafield>
  <datafield tag="260" ind1=" " ind2=" ">
    <subfield code="a">Hyderabad</subfield>
    <subfield code="b">Orient Longman Limited</subfield>
    <subfield code="c">1988</subfield>
  </datafield>
  <datafield tag="300" ind1=" " ind2=" ">
    <subfield code="a">xiv,288 p.</subfield>
    <subfield code="b">PB</subfield>
    <subfield code="c">21.5x13.5 cm.</subfield>
  </datafield>
  <datafield tag="365" ind1=" " ind2=" ">
    <subfield code="b">&#x20B9;75.00</subfield>
    <subfield code="c">&#x20B9;</subfield>
    <subfield code="d">&#x20B9;75.00</subfield>
  </datafield>
  <datafield tag="520" ind1=" " ind2=" ">
    <subfield code="a">One of the makers of modern India tells the story of the partition of India as never before, with intimate knowledge and feeling. India Wins Freedom has at last won its own freedom. The full text of this autobiographical narrative was confined, under seal, in the National Library, Calcutta, and in the National Archives, New Delhi, for thirty years. What we now have is the complete text, released in September 1988, by a court directive. Not only have all the words and phrases of the original been reproduced, the original tone and temper have been fully restored. The text now reveals that the controversy that has simmered for so long about the hitherto unpublished pages, was fully justified.</subfield>
  </datafield>
  <datafield tag="650" ind1=" " ind2=" ">
    <subfield code="a"> India -- Politics and government -- 1919-1947</subfield>
    <subfield code="9">28916</subfield>
  </datafield>
  <datafield tag="650" ind1=" " ind2=" ">
    <subfield code="a">India 1858-1947</subfield>
    <subfield code="9">28917</subfield>
  </datafield>
  <datafield tag="700" ind1=" " ind2=" ">
    <subfield code="a">AZAD (Maulana Abul Kalam)</subfield>
    <subfield code="9">28918</subfield>
  </datafield>
  <datafield tag="942" ind1=" " ind2=" ">
    <subfield code="2">ddc</subfield>
    <subfield code="c">GF</subfield>
  </datafield>
  <datafield tag="999" ind1=" " ind2=" ">
    <subfield code="c">222317</subfield>
    <subfield code="d">222317</subfield>
  </datafield>
  <datafield tag="952" ind1=" " ind2=" ">
    <subfield code="0">0</subfield>
    <subfield code="1">0</subfield>
    <subfield code="2">ddc</subfield>
    <subfield code="4">0</subfield>
    <subfield code="7">0</subfield>
    <subfield code="8">HIS</subfield>
    <subfield code="a">AL</subfield>
    <subfield code="b">AL</subfield>
    <subfield code="d">2013-03-24</subfield>
    <subfield code="l">0</subfield>
    <subfield code="o">954.035092 AZAI</subfield>
    <subfield code="p">GF02113</subfield>
    <subfield code="r">2022-04-09 00:00:00</subfield>
    <subfield code="w">2022-04-09</subfield>
    <subfield code="y">GF</subfield>
  </datafield>
</record>
